000 00402nam a22001697a 4500
020 _a0-521-63923-9
082 _a574
_bTAY/B
100 _aTAYLOR, D.J
100 _aGREEN, N.P.O
100 _aSOPER, R
245 _aBIOLOGICAL SCIENCE
250 _aTHIRD EDITION
260 _aUNITED KINGDOM
_bCAMBRIDGE UNIVERSITY PRESS
_c2003
300 _a983
650 _aBIOLOGY REFERENCE
_zINDIA
942 _cBK
999 _c1451
_d1451